Η διδασκαλία της ελληνικής γλώσσας και φιλολογίας στην ελληνική εκπαίδευση
Saved in:
| Main Author: | |
|---|---|
| Format: | Book |
| Language: | Greek |
| Published: |
Αθήνα :
Σύγχρονη Εποχή,
1982
|
| Subjects: | |
| Tags: |
Add Tag
No Tags, Be the first to tag this record!
|
MARC
| LEADER | 00000cam a2200000 i 4500 | ||
|---|---|---|---|
| 001 | 1/73564 | ||
| 008 | 960724s1982 gre d | ||
| 035 | |a 1986 |c Αγορά |l 10031549 | ||
| 040 | |a GR-MY-UA |b gre |e aacr | ||
| 041 | 0 | |a gre | |
| 082 | 0 | |a 489.307 | |
| 100 | 1 | |a Μωραϊτης, Γεώργιος Κ. | |
| 245 | 1 | 2 | |a Η διδασκαλία της ελληνικής γλώσσας και φιλολογίας στην ελληνική εκπαίδευση / |c Γεώργιος Κ. Μωραϊτης |
| 260 | |a Αθήνα : |b Σύγχρονη Εποχή, |c 1982 | ||
| 300 | |a 270 σ. | ||
| 650 | 0 | 0 | |a Greek language, Modern |x Study and teaching |z Greece. |
| 650 | 0 | 0 | |a Greek philology |x Study and teaching |z Greece. |
| 852 | |a INST |b RHODES |e 19960724 |h 489.307 ΜΩΡ |p 005400001178 |q 005400001178 |t BK |y 0 | ||
| 909 | |a Ρ |b 003463 |c 1986 | ||